Monster hunter World iceborne Monstres - Statistiques

Statistiques générales
  • Ce quiz a été pris 394 fois
  • Le résultat moyen est 28 sur 35
Statistiques - réponses
Par images Réponse % Correct
Tigrex
96%
Fatalis
91%
Glavenus
91%
Rajang
91%
Rathalos argent
89%
Rathian D'or
89%
Zinogre
89%
Barioth
88%
Alatreon
86%
Brachydios
86%
Pukei Pukei Corail
86%
Anjanath Tonerre
85%
Nargacuga
85%
Glavenus Acide
83%
Namielle
82%
Safi'jiiva
82%
Tobi Kadachi Vipère
82%
Zinogre stygien
82%
Banbaro
81%
Odogaron Désastre
77%
Beotodus
75%
Rajang orage
75%
Nergigante Chaos
74%
Brachydios Tempête
73%
Velkana
73%
Legiana Blizzard
72%
Paolumu Belladone
72%
Tigrex Berserk
71%
Yian Garuga
69%
Bazelgeuse Vulcan
68%
Deviljho Carnage
66%
Shara Ishvalda
66%
Val Hazak Fléau
66%
Barioth Croc Givre
64%
Yian Garuga Balafré
59%
Aucun quiz correspondant
Distribution des résultats
% des personnes avec chaque résultat
Percentile par nombre de réponses
Votre historique - résultats
Vous n’avez pas pris ce quiz